000 00586nam a22001937a 4500
003 NUST - PNEC
005 20170116180748.0
008 150227b xxu||||| |||| 00| 0 eng d
020 _a-
040 _cLIBRARY
082 _a327.5491 JAL
100 _91542
_aJalalizai Musa Khan
245 _aThe Foreign Policy of Pakistan : Afghanistan,Kashmir & Internal SecurityThreats 1947-2004
_cMusa Khan Jalalizai
250 _a-
260 _aJohar Town, Lahore.
_bAriana Publications
_cc2003.
300 _a441 p. :
650 _91544
_aInternational Relations
_xHistory
942 _2ddc
_cBK
999 _c62455
_d62455